000
00289nam a22001337a 4500
008
180111b xxu||||| |||| 00| 0 eng d
020
_a
9780811432139
041
_a
eng
080
_a
37
100
_a
46
101
_a
EDU
245
_a
Real-Life English
_c
Goldstein,J.A
942
_2
udc
_c
BK
999
_c
40084
_d
40084